| 000 | 01771nam a2200313 c 4500 | ||
|---|---|---|---|
| 003 | BLK | ||
| 005 | 20240405005352.0 | ||
| 008 | 180409b bul|||||r ||||||| ||bul|| | ||
| 010 | _aKNG00119838000 | ||
| 040 | _aBLK | ||
| 041 |
_aBUL _cBUL |
||
| 080 |
_aИкономическа политика. Стопанско ръководство. Управление на стопанство. Стопанско планиране. _b338.2 _x(497.2) _z338.2(497.2) |
||
| 100 |
_aЖивков, Тодор Христов _d1911 - 1998 _gБългарски политик, БКП. Първи секретар и генерален секретар на ЦК на БКП, председател на Министерския съвет и председател на Държавния съвет на НРБ _9365041 |
||
| 139 |
_aЖивков, Тодор Христов _bЖ 48 |
||
| 245 | 1 | 0 |
_aРазвитието на социално-икономическите отношения и на управлението на народното стопанство _bЛекция втора от цикъла лекции, изнесени пред слушателите и преподавателите в АОНСУ при ЦК на БКП _cТодор Христов Живков. |
| 257 | _aBGR | ||
| 260 |
_аСофия _bПартиздат _c1983 |
||
| 300 |
_a63 с. _c21 см |
||
| 380 | _a3 | ||
| 500 | _a100 110 тир. | ||
| 650 | 4 |
_aНародно стопанство - България _9280973 |
|
| 650 | 4 |
_aУправление - стопанство _9244937 |
|
| 852 | _aЦб 121906 | ||
| 856 | 4 |
_qpdf _u |
|
| 856 | 4 |
_qpdf _u |
|
| 942 |
_cKNG _n0 |
||
| 944 |
_aCR _c21.10.2016 _k _lCRON CRON |
||
| 944 |
_aED _c21.10.2016 _kПравда_Бадева |
||
| 999 |
_c114407 _d114407 |
||